| 000 | 00738nam a22002177a 4500 | ||
|---|---|---|---|
| 082 |
_a355.133 _bARM |
||
| 245 | _aArmy Regulations Volume III - Index to rules & instructions 1960 | ||
| 260 |
_aRawalpindi _bCivil & Military press. _c1960 |
||
| 300 | _a101 p. | ||
| 526 |
_a0 _b0 _c0 _d355_133000000000000_ARM |
||
| 526 |
_a0 _b0 _c0 _d355_133000000000000_ARM |
||
| 526 |
_a0 _b0 _c0 _d355_133000000000000_ARM |
||
| 526 |
_a0 _b0 _c0 _d355_133000000000000_ARM |
||
| 526 |
_a0 _b0 _c0 _d355_133000000000000_ARM |
||
| 526 |
_a0 _b0 _c0 _d355_133000000000000_ARM |
||
| 526 |
_a0 _b0 _c0 _d355_133000000000000_ARM |
||
| 526 |
_a0 _b0 _c0 _d355_133000000000000_ARM |
||
| 526 |
_a0 _b0 _c0 _d355_133000000000000_ARM |
||
| 650 |
_aMCE _9379 |
||
| 942 |
_2ddc _cBK |
||
| 999 |
_c552330 _d552330 |
||